000 01044nam a2200205Ii 4500
003 JO-AjNU
008 230605s9999||||xx |||||||||||||| ||und||
040 _aJO-AjNU
_bara
_erda
_cJO-AjNU
041 _aara
050 1 4 _aBP136.8 1993
100 3 _aبقلم السقاف، حسن بن علي,
_eauthor
_941169
245 0 0 _aقاموس (!!) شتائم الألباني وألفاظه المنكرة التي يطلقها في حق علماء الأمة وفضلائها وغيرهم ويليه الرد على " الأنوار الكاسفة " المسمى: البراهين الناسفة للأنوار الكاسفة ويلي هذا أيضا الرد الثاني على "اليقاف المسمى: الملاحق الماحق المنقض على إيقاف الزاهق
250 _aط1
264 3 1 _aعمان: دار الامام النووي، 1993
300 _a214ص
336 _atext
_btxt
_2rdacontent
337 _aunmediated
_bn
_2rdamedia
338 _avolume
_bnc
_2rdacarrier
650 4 _aالاسلام - السنة
_941170
999 _aA17531
_c21099
_d21099